000 01632nam0a2200361 4500
001 RU\NLR\bibl\538854
005 20260406044356.0
010 _a5-7553-0041-0
_bв обл.
_9800
021 _aRU
_b2004-6776
_9346
035 _aRSL-KNO-002408255
035 _a(NLR Aleph) 000531111
090 _a1353693
_c1353693
100 _a20040312d2003 |||y0rusy50 ca
101 0 _arus
102 _aRU
105 _aa |||||||||
106 _ar
200 1 _aСоциодидактика
_eИстория и теория социал. педагогики
_fС.А. Расчетина, О.М. Зайченко
_gМ-во образования Рос. Федерации, Новгород. гос. ун-т им. Ярослава Мудрого
210 _aВелик. Новгород
_cНовГУ
_d2003
_eМОУ повышения квалификации специалистов "Ин-т образовательного маркетинга и кадровых ресурсов"
215 _a343 с.
_cсхем., табл.
_d21
320 _aБиблиогр. в конце глав
606 0 _aСоциальная педагогика
_91062399
_3RU\NLR\auth\66412445
686 _aЧ30в05,0
_2rubbk
686 _aС556.55,0
_2rubbk
686 _aЧ30в2
700 1 _4070
_7ca
_8rus
_aРасчетина
_bС. А.
_gСветлана Алексеевна
_9114235
_3RU\NLR\auth\774253
701 1 _aЗайченко
_bО. М.
_gОлег Михайлович
_4070
801 0 _aRU
_bRuMoRKP
_c20040312
_gPSBO
801 1 _aRU
_bRuMoRKP
_c20040312
801 2 _aRU
_bNLR
_c20040709
_gPSBO
942 _cBOOK
980 _aNB